| 000 | 01476cam a2200349 a 4500 | ||
|---|---|---|---|
| 001 | EDZ0000063520 | ||
| 003 | StDuBDS | ||
| 005 | 20161031105132.0 | ||
| 006 | m||||||||d|||||||| | ||
| 007 | cr ||||||||||| | ||
| 008 | 120315s2002 caua fo| 001|0|eng|d | ||
| 020 |
_a9781452229386 (ebook) : _cNo price |
||
| 040 |
_aStDuBDS _beng _cStDuBDS _epn |
||
| 049 | _aAlfaisal Main Library | ||
| 050 | 0 |
_aRC967.5 _b.H355 2002 |
|
| 082 | 0 | 4 |
_a616.89 _223 |
| 245 | 0 | 0 |
_aHandbook of mental health in the workplace _h[electronic resource] / _c[edited by] Jay C. Thomas, Michel Hersen. |
| 260 |
_aThousand Oaks, Calif. ; _aLondon : _bSAGE, _cc2002. |
||
| 300 |
_a1 online resource (x, 574 p.) : _bill. |
||
| 520 | 8 | _aA reference tool to assist researchers and academics in the fields of occupational psychology and human resource management. It includes papers from expert contributors that provide the latest research and up-to-date developments in this area. | |
| 521 | _aSpecialized. | ||
| 588 | _aDescription based on print version record. | ||
| 504 | _aIncludes bibliographical references and index. | ||
| 650 | 0 | _aIndustrial psychiatry. | |
| 655 | 7 |
_aElectronic books. _2local |
|
| 700 | 1 |
_aThomas, Jay C., _d1951- |
|
| 700 | 1 | _aHersen, Michel. | |
| 710 | 2 | _aSage eBooks | |
| 776 | 0 | 8 |
_iPrint version : _z9780761922551 |
| 856 | 4 | 0 | _uhttp://ezproxy.alfaisal.edu/login?url=http://sk.sagepub.com/reference/handbook-of-mental-health-in-the-workplace |
| 942 |
_2lcc _cEBOOKS |
||
| 999 |
_c480083 _d480083 |
||